00225nam a22000977a 4500082001100000100001600011245002300027260004700050300000700097650002300104 a541.22 aWorrall,L.J aMolecular Symmetry aLondonbRoyal Institute of Chemistryc1967 a30 amolecular symmetry